1386 1019 1404 1962 1686 1196 1798 1400 1038 1730 1660 1142 1573 1798 1298 1172 1303 1352 1635 1025 1502 1608 1535 1087 1368 1532 1544 1508 1138 1773 1892 1121 1137 1902 1787 1093 1148 1589 1710 1257 1493 1105 1463 1154 1921 1038 1873 1006 1633 1783 1836 1709 1577 1669 1975 1365 1716 1505 1085 1780 1587 1818 1978 1469 1734 1030 1127 1554 1037 1992 1149 1480 1828 1043 1644 1919 1641 1690 1560 1228 1411 1863 1999 1242 1641 1048 1591 1656 1512 1332 1522 1387 1986 1781 1236 1840 1268 1185 1119 BCNSPRNW ULIB Ver.6.0+V

เปลี่ยนเป็นภาษาไทย

Change to English
 แสดงรายละเอียดบรรณานุกรม
  กลับหน้าหลัก

Brief Record : Get Marc (ISO 2709) : E-mail record : QR code < ปิดหน้าต่าง
LEADER : 00000nam 2200000uu 4500
001    13399111542
003     ULIB
008    110630s||||||||th 000 0 tha d
020    9749477146
020    9789749477144
050  4 BQ4570^bอ692จ 2552
100 0  อำพล จินดาวัฒนะ
245 10 จิตอาสา พลังสร้างโลก :^bบทเรียนรู้จากขบวนการพุทธฉือจี้ไต้หวันขบวนการที่เน้นหัวใจของความเป็นมนุษย์ /^cอำพล จินดาวัฒนะ
246 30 บทเรียนรู้จากขบวนการพุทธฉือจี้ไต้หวันขบวนการที่เน้นหัวใจของความเป็นมนุษย์
250    พิมพ์ครั้งที่ 3
260    กรุงเทพฯ :^bศูนย์ส่งเสริมและพัฒนาพลังแผ่นดินเชิงคุณธรรม(ศูนย์คุณธรรม) สำนักงานบริหารและพัฒนาองค์ความรู้ (องค์การมหาชน),^c2552
300    74 หน้า :^bภาพประกอบ ;^c21 ซม.
490 1  สิ่งพิมพ์ / ศูนย์ส่งเสริมและพัฒนาพลังแผ่นดินเชิงคุณธรรม ;^vอันดับที่ 8/2549
591    LIKA มีฉบับพิมพ์ครั้งที่ 3 (2552)
610 27 มูลนิธิพุทธฉือจี้
650  7 มนุษยธรรม
650  7 การกุศล
650  7 บริการทางการแพทย์^xแง่ศาสนา
650  7 อาสาสมัคร^zไต้หวัน
651  7 ไต้หวัน^xภาวะสังคม
710 2  สำนักงานบริหารและพัฒนาองค์ความรู้ (องค์การมหาชน)
710 2  ศูนย์ส่งเสริมและพัฒนาพลังแผ่นดินเชิงคุณธรรม (ศูนย์คุณธรรม)
710 2  ศูนย์คุณธรรม
830  0 สิ่งพิมพ์ (ศูนย์ส่งเสริมและพัฒนาพลังแผ่นดินเชิงคุณธรรม) ;^vอันดับที่ 8/2549
945    ^p0^l0^i028566
995    ทศพร
999 ^a ใช้งานได้ทุกระบบ
รายการนี้ยังไม่มีแท็ก
คุณยังไม่ได้ล็อกอิน คุณสามารถมีกิจกรรมร่วมกับเว็บไซต์ได้ แต่ต้องล็อกอินก่อน ::
  ล็อกอิน

รายการสื่อสารสนเทศ

ลำดับที่ ประเภท เลขเรียก/บาร์โค้ด สถานที่ สถานะ
- ไม่พบข้อมูล -

รายการใกล้เคียง
    ผู้แต่ง [อำพล จินดาวัฒนะ]

    หัวเรื่อง [มนุษยธรรม]
    หัวเรื่อง [การกุศล]

BibComment


ยังไม่เคยถูกคอมเมนท์

คอมเมนท์ทรัพยากรรายการนี้
  คอมเมนท์: จิตอาสา พลังสร้าง..


 Copyright 2026. Bcnsprnw @Library